|
|
|
|
| LEADER |
00000nam a22000007a 4500 |
| 005 |
2021042606256.0 |
| 007 |
cr|||| ||| |
| 008 |
210426s2012 br |||||s|||| 00||0 por d |
| 020 |
|
|
|a 978-85-64912-41-0
|
| 035 |
|
|
|a 33160
|
| 040 |
|
|
|a vLex
|
| 090 |
|
|
|c 11528
|d 11528
|
| 100 |
1 |
|
|a Tuffi Saliba, Aziz
|
| 245 |
1 |
0 |
|a Proteȯ̂ Internacional dos Direitos Humanos
|h [Recurso electrn̤ico] /
|c Aziz Tuffi Saliba, Fernando Gonzaga Jayme
|
| 256 |
|
|
|a Servicio en ln̕ea
|
| 260 |
|
|
|a Belo Horizonte:
|b Initia Via Editora,
|c 2012
|
| 300 |
|
|
|a 1 recurso electrn̤ico
|
| 506 |
1 |
|
|a Disponible solo en los productos indicados
|d vLex Global
|d vLex Global (Academic Edition, excluding Law Schools)
|d vLex Global (U.S. Academic Edition, Law Schools)
|d vLex Global (U.S. Academic Edition, excluding Law Schools)
|d vLex Global (Academic Edition, Law Schools)
|
| 650 |
0 |
4 |
|a Derecho Constitucional
|z Brasil
|
| 650 |
0 |
4 |
|a Derecho Internacional
|z Brasil
|
| 700 |
1 |
|
|a Gonzaga Jayme, Fernando
|
| 740 |
0 |
|
|a vLex Libros (Servicio en ln̕ea)
|
| 856 |
4 |
0 |
|u https://vlex.com/source/prote-o-internacional-direitos-humanos-33160
|z Acceso restringido
|
| 942 |
|
|
|c BOOK
|
| 999 |
0 |
|
|a Constitutional Law
|
| 999 |
0 |
|
|a International Law
|